000 00434nam a2200181Ia 4500
003 LK-CoDNM
005 20240823102227.0
008 010623t1914 xxu||||| |||| 00| 1 eng d
040 _aLK-CoDNM
_dLK-CoDNM
_eLK-CoDNM
041 _aeng
080 _a7
_bN16
100 _aField,Dorothy
245 _aThe Religion of the Sikhs
260 _bJohn Murray
_aLondon
_c1914
300 _b114P. ; 16 cm
650 _aHindu
942 _cBK
999 _c88093
_d88093